Normal view
MARC view
- Hernandez Chávez, Rodolfo
Entry Nombre Personal
001 - NUMERO DE CONTROL
- campo de control: 50447
003 - IDENTIFICADOR DE NUMERO DE CONTROL
- campo de control: MX-MxUPN
005 - FECHA Y HORA DE LA ÜLTIMA TRANSACCIÓN
- campo de control: 20231025204150.0
008 - DATOS DE LONGITUD FIJA
- campo de control de longitud fija: 231025nn acnnnaabn a aaa d
040 ## - FUENTE DE CATALOGACIÓN
- Agencia original de catalogación: MX-MxUPN
- Lenguaje de catalogación: spa
100 1# - ENCABEZAMIENTO - NOMBRE PERSONAL
- Nombre personal: Hernandez Chávez, Rodolfo
400 1# - VEÁSE - NOMBRE DE PERSONA
- Personal name: Chávez, Rodolfo Hernandez
670 ## - FUENTE EN LA QUE SE LOCALIZARON DATOS
- Cita de la fuente: Física dinámica, 1998 :
- Información localizada: portada (Rodolfo Hernández) CIP (Hernandez Chávez, Rodolfo)
902 ## - CATALOGADOR
- Catalogador: VíctorGodínez/251023
